Saved in:
Bibliographic Details
Corporate Authors: Malaysia Universiti Pertahanan Nasional, Malaysia Universiti Teknologi
Format: Thesis Book
Language:Malay
Published: Kuala Lumpur Fakulti Sains & Teknologi Pertahanan, UPNM Universiti Teknologi Malaysia 2009
Series:Projek Sarjana Muda
Subjects:
Tags: Add Tag
No Tags, Be the first to tag this record!
Call Number :PSM 0301 2009

MARC

LEADER 00000nam a2200000 a 4500
001 46289
003 MY-KLNDU
005 20241219004843.0
008 120601s2011 my a m 000 0 may d
039 9 |y 201206011516  |z sani 
040 |a UPNM 
090 |a PSM 0301  |b 2009 
260 |a Kuala Lumpur  |b Fakulti Sains & Teknologi Pertahanan, UPNM  |b Universiti Teknologi Malaysia  |c 2009 
300 |b ill.  |c 30cm 
490 1 |a Projek Sarjana Muda 
502 |a Projek Sarjana Muda  |b Sarjana Muda Sains Komputer 
504 |a Includes bibliographic references 
592 |c Hadiah & sumbangan  |h UPNM/UTM 
655 7 |a Sarjana Muda Sains Komputer 
710 2 |a Malaysia  |b Universiti Pertahanan Nasional  |c Fakulti Sains & Teknologi Pertahanan 
710 2 |a Malaysia  |b Universiti Teknologi  |c Fakulti Sains & Teknologi Pertahanan 
830 0 |a Projek Sarjana Muda 
999 |a vtls000047217  |c 46289  |d 46289